[Event "Tournoi Skype 029B"]
[Site "Skype"]
[Date "????.??.??"]
[Round "8.25"]
[White "Kumbhar, Ashok"]
[Black "Vervoort, Jean-Louis"]
[Result "1-0"]
[WhiteElo "1018"]
[BlackElo "1273"]
[PlyCount "45"]

1. e4 e5 2. Nf3 Nc6 3. Bc4 h6 4. O-O Bc5 5. c3 Nf6 6. d4 exd4 7. cxd4 Nxd4 8.
Nxd4 d6 9. Nc3 O-O 10. Bd2 Bxd4 11. Bxh6 Ng4 12. Be3 Nxe3 13. fxe3 Be5 14. Qh5
Qe7 15. Nd5 Qd7 16. Nf4 Bxf4 17. exf4 g6 18. Qxg6+ Kh8 19. Qh6+ Kg8 20. f5 Qc6
21. f6 Qc5+ 22. Kh1 Qxc4 23. Qg7# 1-0

[Event "Tournoi Skype 029B"]
[Site "Skype"]
[Date "????.??.??"]
[Round "8.26"]
[White "Tembhurnekar, Ritu"]
[Black "Ortis, Yves"]
[Result "1-0"]
[WhiteElo "1219"]
[BlackElo "1096"]
[PlyCount "61"]

1. d4 d5 2. Nf3 Nd7 3. e3 e6 4. Bd3 g6 5. Nbd2 Ngf6 6. e4 Ng4 7. e5 Bg7 8. Qe2
c6 9. h3 Nh6 10. O-O O-O 11. Re1 f6 12. Nf1 fxe5 13. Nxe5 Nxe5 14. dxe5 Bd7 15.
Ng3 Nf7 16. Bf4 c5 17. c3 Qb6 18. b3 Qa5 19. Nh5 Bxe5 20. Bxe5 Nxe5 21. Qxe5
gxh5 22. Qxh5 Rf7 23. Re5 Qxc3 24. Rd1 Raf8 25. Rg5+ Kh8 26. Rg6 Qd4 27. Rh6
Qxf2+ 28. Kh1 Re7 29. Rxh7+ Kg8 30. Qg6+ Rg7 31. Qxg7# 1-0

[Event "Tournoi Skype 029B"]
[Site "Skype"]
[Date "????.??.??"]
[Round "8.27"]
[White "Bland, Marilyn"]
[Black "Ruiz Gomez, Luz Alba"]
[Result "0-1"]
[WhiteElo "1065"]
[BlackElo "1190"]
[PlyCount "62"]

1. e4 e5 2. Bc4 Nf6 3. d3 Bc5 4. Be3 d6 5. c3 O-O 6. b4 Bb6 7. Bxb6 axb6 8. Ne2
Nc6 9. O-O Re8 10. Qb3 Be6 11. Bxe6 Rxe6 12. Nd2 b5 13. a4 bxa4 14. Rxa4 Re8
15. b5 Ne7 16. Qb4 b6 17. d4 Ng6 18. Rxa8 Qxa8 19. c4 Nxe4 20. Nxe4 Qxe4 21.
Qd2 Nh4 22. f3 Qf5 23. Ng3 Qg6 24. c5 h6 25. cxb6 cxb6 26. dxe5 dxe5 27. Qd7
Qe6 28. Qxe6 Rxe6 29. Re1 Ng6 30. Ne4 Nf4 31. Rc1 Ne2+ 0-1

[Event "Tournoi Skype 029B"]
[Site "Skype"]
[Date "????.??.??"]
[Round "8.28"]
[White "Llabres, Sergio"]
[Black "Gomez Caballero, Blas"]
[Result "1/2-1/2"]
[WhiteElo "1187"]
[BlackElo "1081"]
[PlyCount "95"]

1. d4 e6 2. Nf3 d6 3. a3 h6 4. b3 Nc6 5. Bb2 Nf6 6. e3 a6 7. Bd3 b5 8. Nbd2 d5
9. Ne5 Bb7 10. Ndf3 Bd6 11. h3 O-O 12. O-O Ne4 13. Rb1 b4 14. a4 a5 15. Bb5
Nxe5 16. dxe5 Bc5 17. Re1 Nc3 18. Bxc3 bxc3 19. Nd4 Qg5 20. Bc6 Bxc6 21. Nxc6
Ra6 22. Nd4 Qxe5 23. Qd3 Rfa8 24. Nb5 Qe4 25. Qxe4 dxe4 26. Nxc7 R6a7 27. Nxa8
Rxa8 28. Rbd1 Kf8 29. Rd7 Ke8 30. Red1 g5 31. R1d3 exd3 32. Rxd3 Bb4 33. Rd4
Rd8 34. Rxd8+ Kxd8 35. f3 f5 36. Kf2 e5 37. Ke2 Bc5 38. Kd3 f4 39. exf4 Bd4 40.
fxg5 hxg5 41. g3 Ke7 42. h4 gxh4 43. gxh4 Kf6 44. Ke4 Kg6 45. f4 Bf2 46. fxe5
Bxh4 47. Kd4 Kf7 48. Kxc3 1/2-1/2

[Event "Tournoi Skype 029B"]
[Site "Skype"]
[Date "????.??.??"]
[Round "8.29"]
[White "Linares Vernet, Ana"]
[Black "Gerbaux, Regis"]
[Result "0-1"]
[WhiteElo "1171"]
[BlackElo "1062"]
[PlyCount "138"]

1. d4 d5 2. Nf3 Nc6 3. Bf4 Bf5 4. c3 e6 5. e3 Nf6 6. Bd3 Bxd3 7. Qxd3 g6 8. Ne5
Nxe5 9. Bxe5 Bg7 10. h3 O-O 11. O-O Rc8 12. Nd2 c5 13. dxc5 Rxc5 14. Rfc1 Bh6
15. Bd4 Rc8 16. a4 b6 17. c4 Qe7 18. c5 bxc5 19. Bxf6 Qxf6 20. Rab1 Rfd8 21. b3
c4 22. bxc4 dxc4 23. Qc3 Qxc3 24. Rxc3 Rxd2 25. Rbc1 Rcd8 26. Kf1 Rd1+ 27. Rxd1
Rxd1+ 28. Ke2 Bg7 29. Rxc4 Rd5 30. Rc8+ Bf8 31. e4 Ra5 32. Rc4 Kg7 33. Kd3 Bc5
34. f3 Bf2 35. g4 Kf6 36. Ke2 Bg1 37. Kf1 Be3 38. Ke2 Bf4 39. Kd3 Be5 40. Ke3
Bd6 41. Kd3 Ke5 42. Ke3 Bc5+ 43. Ke2 Kf4 44. h4 h6 45. e5+ Kxe5 46. Re4+ Kf6
47. Kd3 Bf2 48. Rf4+ Kg7 49. h5 gxh5 50. gxh5 Rxh5 51. Rg4+ Kf6 52. Ke2 Rh2 53.
Kd3 h5 54. Rf4+ Kg6 55. Rc4 Bb6 56. f4 Rf2 57. Ke4 h4 58. Kd3 h3 59. Ke4 h2 60.
Rc1 Kf6 61. Rd1 Bc7 62. Ke3 Rxf4 63. Rh1 Rh4 64. Kf3 Kf5 65. Ke3 Rg4 66. Rf1+
Bf4+ 67. Kf2 Ke4 68. Re1+ Kf5 69. Kf3 Rg1 0-1

[Event "Tournoi Skype 029B"]
[Site "Skype"]
[Date "????.??.??"]
[Round "8.30"]
[White "Moraga Vasquez, Michael"]
[Black "Parrales, Rodolfo"]
[Result "1/2-1/2"]
[WhiteElo "1008"]
[BlackElo "1171"]
[PlyCount "49"]

1. e4 e5 2. Nf3 Nf6 3. Nc3 c6 4. Bc4 Bb4 5. O-O d6 6. h3 O-O 7. Re1 b5 8. Bb3
a5 9. a3 Bxc3 10. dxc3 d5 11. exd5 cxd5 12. Nxe5 Re8 13. Bg5 Nbd7 14. Nxd7
Rxe1+ 15. Qxe1 Bxd7 16. Bxd5 Rc8 17. Rd1 Qe8 18. Qxe8+ Nxe8 19. Bxf7+ Kxf7 20.
Rxd7+ Kg6 21. Rd5 b4 22. cxb4 axb4 23. axb4 Rxc2 24. b5 Rxb2 25. Bc1 1/2-1/2

[Event "Tournoi Skype 029B"]
[Site "Skype"]
[Date "????.??.??"]
[Round "8.31"]
[White "Busto, Ricardo"]
[Black "Bellati, Fabio"]
[Result "1-0"]
[WhiteElo "1152"]
[BlackElo "1000"]
[PlyCount "53"]

1. d4 d5 2. Nf3 Nf6 3. Bf4 Nc6 4. e3 e6 5. a3 Bd6 6. Ne5 Nxe5 7. dxe5 Be7 8.
exf6 Bxf6 9. c3 e5 10. Bg3 d4 11. Bc4 c5 12. b4 Qc7 13. Qb3 O-O 14. O-O b6 15.
cxd4 Bb7 16. Bd5 Rad8 17. Bxb7 Qxb7 18. dxe5 Bg5 19. Nc3 Rd3 20. Rad1 Qd7 21.
Rxd3 Qxd3 22. Rd1 Qa6 23. b5 Qc8 24. Qc4 h5 25. h4 Bd8 26. Ne4 Bc7 27. Nd6 1-0

[Event "Tournoi Skype 029B"]
[Site "Skype"]
[Date "????.??.??"]
[Round "8.32"]
[White "Balci Gungor, Ayca"]
[Black "Sosa, Juan Carlos"]
[Result "0-1"]
[WhiteElo "1000"]
[BlackElo "1121"]
[PlyCount "60"]

1. e4 e6 2. Nf3 d5 3. e5 Bc5 4. d4 Bb6 5. Bd3 Nc6 6. c3 Nge7 7. Bg5 h6 8. Bh4
g5 9. Bg3 Nf5 10. O-O Nxg3 11. fxg3 Ne7 12. Nbd2 c5 13. Rc1 Nf5 14. g4 Ne3 15.
Qe2 Nxf1 16. Nxf1 Bd7 17. Ng3 Rc8 18. dxc5 Bxc5+ 19. Kh1 Bb4 20. Nh5 a6 21.
Nf6+ Kf8 22. Rf1 Be7 23. Nd4 Bxf6 24. Rxf6 Qe7 25. Bg6 Be8 26. Nxe6+ Kg8 27.
Bf5 fxe6 28. Bxe6+ Kg7 29. Qf3 Rc6 30. Bxd5 Rxf6 0-1

[Event "Tournoi Skype 029B"]
[Site "Skype"]
[Date "????.??.??"]
[Round "8.34"]
[White "Tolaro, Filippa"]
[Black "Luna Perez Vico, Lorenzo"]
[Result "0-1"]
[WhiteElo "1086"]
[BlackElo "1386"]
[PlyCount "88"]

1. d4 Nf6 2. Nf3 d5 3. b3 b6 4. Bb2 Bb7 5. e3 e6 6. Bd3 Bb4+ 7. Nbd2 Ne4 8. O-O
Nd7 9. Rb1 Nc3 10. Bxc3 Bxc3 11. Ne5 Nxe5 12. dxe5 Bxe5 13. Nf3 Bf6 14. Qd2 c5
15. Bb5+ Ke7 16. b4 a6 17. Bd3 c4 18. Be2 Re8 19. b5 axb5 20. Nd4 Rxa2 21. Qb4+
Qd6 22. Qxd6+ Kxd6 23. Bf3 Bxd4 24. exd4 Bc6 25. c3 Rea8 26. h4 Rc2 27. Ra1
Rxa1 28. Rxa1 Rxc3 29. Rd1 b4 30. Be2 b5 31. Rb1 b3 32. Bd1 b4 33. g4 Rd3 34.
g5 Rxd4 35. h5 g6 36. Kg2 Rd2 37. Kg3 Rd3+ 38. Kh4 Rd4+ 39. Kg3 Ke5 40. Rb2
Rxd1 41. Re2+ Kf5 42. f4 Rd3+ 43. Kh4 c3 44. Re4 dxe4 0-1

[Event "Tournoi Skype 029B"]
[Site "Skype"]
[Date "????.??.??"]
[Round "8.35"]
[White "Montilla Bejarano, Carmen"]
[Black "Vincent, Andre"]
[Result "1/2-1/2"]
[WhiteElo "1087"]
[BlackElo "1377"]
[PlyCount "59"]

1. e4 c5 2. Nf3 d6 3. d4 cxd4 4. Nxd4 Nf6 5. f3 e5 6. Nb3 Be7 7. Nc3 O-O 8. Nd5
Nc6 9. Be3 Be6 10. Bc4 Bxd5 11. exd5 Na5 12. Nxa5 Qxa5+ 13. c3 Qd8 14. g4 Nd7
15. Qd2 Bh4+ 16. Ke2 Rc8 17. b3 Re8 18. Bxa7 Bg5 19. Be3 Bxe3 20. Qxe3 h6 21.
h4 Nb6 22. Qe4 Nxc4 23. bxc4 Qc7 24. Kd3 b5 25. c5 Qxc5 26. Rac1 Qc4+ 27. Qxc4
bxc4+ 28. Kc2 Rb8 29. g5 h5 30. Rhg1 1/2-1/2

[Event "Tournoi Skype 029B"]
[Site "Skype"]
[Date "????.??.??"]
[Round "8.36"]
[White "Nakamura, Seiichi"]
[Black "Hargez, Dany"]
[Result "0-1"]
[WhiteElo "1005"]
[BlackElo "1296"]
[PlyCount "122"]

1. d4 d5 2. Bf4 Nf6 3. e3 e6 4. Nf3 Bd6 5. Bg3 O-O 6. Bd3 Ne4 7. Nbd2 f5 8. Ne5
Qf6 9. O-O Nxg3 10. hxg3 Bxe5 11. dxe5 Qxe5 12. c3 Nd7 13. Nf3 Qf6 14. Qc2 Ne5
15. Nxe5 Qxe5 16. Rae1 Qf6 17. g4 fxg4 18. Bxh7+ Kh8 19. Bd3 e5 20. g3 Bf5 21.
Kg2 e4 22. Be2 Be6 23. Rh1+ Kg8 24. Bd1 Rf7 25. Rh4 Raf8 26. Rf1 g5 27. Rh5 Rh7
28. Rxh7 Kxh7 29. f3 gxf3+ 30. Bxf3 Kg7 31. Be2 Qe5 32. Rxf8 Kxf8 33. Bh5 g4
34. Qf2+ Ke7 35. Be8 Kxe8 36. Qf4 Qg7 37. Qf2 c5 38. Qc2 Qf7 39. Qa4+ Bd7 40.
Qxa7 Qf3+ 41. Kh2 Qe2+ 42. Kg1 Qxe3+ 43. Kh2 Qe2+ 44. Kg1 Qxb2 45. Qxc5 Qa1+
46. Kg2 Qxa2+ 47. Qf2 Qxf2+ 48. Kxf2 Bb5 49. Ke3 Kd7 50. Kd4 Kd6 51. Ke3 Ke5
52. Kd2 d4 53. cxd4+ Kxd4 54. Kc2 e3 55. Kd1 Kd3 56. Ke1 e2 57. Kf2 Kd2 58. Kg2
e1=Q 59. Kh2 Qe2+ 60. Kg1 Qf1+ 61. Kh2 Qh3+ 0-1

[Event "Tournoi Skype 029B"]
[Site "Skype"]
[Date "????.??.??"]
[Round "8.37"]
[White "Moumtaz, Abderrahim"]
[Black "Guillen Andrinal, Pablo"]
[Result "1-0"]
[WhiteElo "1260"]
[BlackElo "1024"]
[PlyCount "23"]

1. d4 Nf6 2. c4 e5 3. dxe5 Ng4 4. Nf3 Qe7 5. Bf4 Qb4+ 6. Nc3 Qxb2 7. Nd5 Bb4+
8. Nd2 Bxd2+ 9. Bxd2 Qd4 10. e3 Qc5 11. Qxg4 d6 12. Qxc8# 1-0

[Event "Tournoi Skype 029B"]
[Site "Skype"]
[Date "????.??.??"]
[Round "8.38"]
[White "Le Bouill, Pierre"]
[Black "Herrera, Oscar"]
[Result "0-1"]
[WhiteElo "1252"]
[BlackElo "1000"]
[PlyCount "60"]

1. Nf3 Nc6 2. b3 e5 3. d3 Bc5 4. e3 d6 5. h3 h6 6. Be2 Be6 7. O-O Nf6 8. Bb2
Qe7 9. d4 exd4 10. exd4 Bb6 11. c4 d5 12. c5 Bxc5 13. dxc5 Qxc5 14. Bd4 Qd6 15.
Nbd2 O-O-O 16. a3 Nxd4 17. Nxd4 Rhe8 18. N2f3 Ne4 19. Nh2 Nc3 20. Qc2 Nxe2+ 21.
Qxe2 Bxh3 22. gxh3 Rxe2 23. Nxe2 Qg6+ 24. Kh1 Qe4+ 25. Kg1 Qxe2 26. Rfe1 Qd3
27. b4 Qxh3 28. Re3 Qf5 29. Nf3 d4 30. Re5 Qxf3 0-1

[Event "Tournoi Skype 029B"]
[Site "Skype"]
[Date "????.??.??"]
[Round "8.39"]
[White "Torres, Vicky"]
[Black "Martin, Jean-Claude"]
[Result "1/2-1/2"]
[WhiteElo "1020"]
[BlackElo "1184"]
[PlyCount "141"]

1. e4 e5 2. Nf3 Nc6 3. Bc4 Bc5 4. O-O Nf6 5. d3 O-O 6. Nc3 h6 7. a3 d6 8. Nd5
Nxd5 9. exd5 Nd4 10. Ba2 Bg4 11. c3 Nxf3+ 12. gxf3 Bh3 13. Re1 Qh4 14. d4 exd4
15. Re4 Qf6 16. cxd4 Bf5 17. Rf4 Qg6+ 18. Kh1 Bh3 19. Qg1 Qxg1+ 20. Kxg1 Rae8
21. Be3 Bb6 22. Rd1 f6 23. Rh4 Bf5 24. Bc4 a6 25. a4 Bc2 26. Rd2 Bxa4 27. Bd3
Bb5 28. Bf5 Kh8 29. Be4 f5 30. Bd3 Bxd3 31. Rxd3 Kh7 32. f4 c6 33. dxc6 bxc6
34. Kg2 d5 35. Rb3 Rb8 36. Rd3 Bd8 37. Rh3 Rxb2 38. Bc1 Ra2 39. Ra3 Rxa3 40.
Bxa3 Re8 41. Bc5 a5 42. Bd6 Re4 43. Be5 Bf6 44. Ra3 Bxe5 45. fxe5 Rxd4 46. Rxa5
Re4 47. Ra8 Rxe5 48. Rc8 Re6 49. Kg3 g5 50. f4 Re3+ 51. Kg2 gxf4 52. Rxc6 f3+
53. Kf2 f4 54. Rd6 Rd3 55. Rf6 Rd4 56. Kxf3 Kg7 57. Rxf4 Rxf4+ 58. Kxf4 d4 59.
Ke4 Kg6 60. Kxd4 Kf5 61. Ke3 Kg4 62. Kf2 h5 63. Kg2 h4 64. h3+ Kf4 65. Kh2 Kf3
66. Kg1 Kg3 67. Kh1 Kxh3 68. Kg1 Kg3 69. Kh1 h3 70. Kg1 h2+ 71. Kh1 1/2-1/2

[Event "Tournoi Skype 029B"]
[Site "Skype"]
[Date "????.??.??"]
[Round "8.40"]
[White "Rodriguez, Nathalie"]
[Black "Ramirez, Luis Antonio"]
[Result "1-0"]
[WhiteElo "1167"]
[BlackElo "1017"]
[PlyCount "71"]

1. d4 c6 2. Bf4 Nf6 3. Nc3 Nd5 4. Nxd5 cxd5 5. e3 Nc6 6. c3 g6 7. Nf3 h6 8. Ne5
Bg7 9. Nxc6 bxc6 10. Be2 O-O 11. O-O d6 12. h3 Bf5 13. Bd3 Bxd3 14. Qxd3 f5 15.
Rac1 Rb8 16. b3 Qd7 17. c4 dxc4 18. Qxc4+ Kh8 19. Rc2 Rbc8 20. Rfc1 d5 21. Qa4
g5 22. Be5 f4 23. Bxg7+ Kxg7 24. exf4 Rxf4 25. Re1 Rf7 26. Qb4 Re8 27. Rce2 Qd6
28. Qc3 g4 29. h4 g3 30. fxg3 Qxg3 31. Qxg3+ Kf8 32. Qg6 Rf6 33. Qh7 e6 34.
Qh8+ Ke7 35. Qg7+ Rf7 36. Rxe6+ 1-0

[Event "Tournoi Skype 029B"]
[Site "Skype"]
[Date "????.??.??"]
[Round "8.41"]
[White "Mendoza Lainez, Ricardo Jose"]
[Black "Lachin, Roberto"]
[Result "1/2-1/2"]
[WhiteElo "1137"]
[BlackElo "1000"]
[PlyCount "86"]

1. f4 d5 2. Nf3 Nc6 3. d4 Nf6 4. Nc3 Bg4 5. h3 Bxf3 6. exf3 e6 7. Be3 Bb4 8.
Qd3 O-O 9. O-O-O a6 10. g4 Ne5 11. a3 Bxc3 12. Qxc3 Nc4 13. Bxc4 dxc4 14. Qxc4
b5 15. Qe2 Nd5 16. Bd2 c6 17. g5 g6 18. h4 a5 19. h5 b4 20. a4 b3 21. cxb3 Rb8
22. Qd3 Ne7 23. hxg6 fxg6 24. f5 Nxf5 25. Bc3 Rxb3 26. f4 Rf7 27. Rd2 h5 28.
gxh6 Rh7 29. Qc4 Qd5 30. Qf1 Ng3 31. Qg2 Nxh1 32. Qxg6+ Kf8 33. Qxh7 Qf5 34.
Qxf5+ exf5 35. Rh2 Kg8 36. h7+ Kh8 37. d5+ Rxc3+ 38. bxc3 cxd5 39. Kc2 Ng3 40.
Kd3 Ne4 41. c4 dxc4+ 42. Kxc4 Nd6+ 43. Kc5 Ne4+ 1/2-1/2

[Event "Tournoi Skype 029B"]
[Site "Skype"]
[Date "????.??.??"]
[Round "8.42"]
[White "Barrionuevo, Hilario"]
[Black "Molina Porfirio, Renatta"]
[Result "0-1"]
[WhiteElo "1132"]
[BlackElo "1000"]
[PlyCount "42"]

1. d4 c5 2. d5 d6 3. Bf4 Nf6 4. c4 e5 5. Bg3 Bf5 6. Nc3 a6 7. e3 Nbd7 8. Bh4
Be7 9. Nf3 h6 10. Bd3 e4 11. Nxe4 Bxe4 12. Bxe4 Nxe4 13. Qd3 f5 14. h3 Bxh4 15.
g3 Bf6 16. a3 Qb6 17. Rb1 Qa5+ 18. b4 Bc3+ 19. Ke2 Qxa3 20. g4 Qa2+ 21. Kf1
Qxf2# 0-1

[Event "Tournoi Skype 029B"]
[Site "Skype"]
[Date "????.??.??"]
[Round "8.43"]
[White "Franca, Adilson Mendes"]
[Black "Sosa, Aldo"]
[Result "1-0"]
[WhiteElo "1131"]
[BlackElo "1000"]
[PlyCount "47"]

1. e4 e5 2. Nf3 Nc6 3. Bc4 Nf6 4. d3 d5 5. exd5 Nxd5 6. Nc3 Bb4 7. Bd2 Nxc3 8.
Bxc3 Bxc3+ 9. bxc3 e4 10. Qe2 f5 11. dxe4 fxe4 12. Qxe4+ Qe7 13. Qxe7+ Nxe7 14.
O-O Bf5 15. Rac1 O-O-O 16. Ng5 Bg6 17. Bf7 Rhf8 18. Bxg6 Nxg6 19. Ne6 Nf4 20.
Nxd8 Ne2+ 21. Kh1 Nxc1 22. Rd1 Rxf2 23. Ne6 Rxc2 24. Rd8# 1-0

[Event "Tournoi Skype 029B"]
[Site "Skype"]
[Date "????.??.??"]
[Round "8.44"]
[White "Hernandez, Enrique"]
[Black "Strydom, Brett"]
[Result "*"]
[WhiteElo "1128"]
[BlackElo "1000"]
[PlyCount "72"]

1. Nf3 d5 2. d4 c6 3. c4 Nf6 4. Nc3 dxc4 5. e4 b5 6. e5 Nd5 7. Ne2 Bg4 8. Ng3
e6 9. Be2 Bb4+ 10. Bd2 Bxd2+ 11. Nxd2 Bxe2 12. Nxe2 O-O 13. O-O Nd7 14. Ne4 Qb6
15. f4 c5 16. Nxc5 Nxc5 17. dxc5 Qxc5+ 18. Qd4 Qxd4+ 19. Nxd4 b4 20. Nc6 a5 21.
f5 Ne3 22. Rf3 Nxf5 23. Rd1 Rac8 24. Nxa5 Rc5 25. Nb3 cxb3 26. Rxb3 Rxe5 27.
Rxb4 Ne3 28. Rd7 Rf5 29. h3 Rf1+ 30. Kh2 f5 31. Rbb7 Rc8 32. Rxg7+ Kf8 33.
Rbf7+ Ke8 34. Rxh7 Rc2 35. Re7+ Kd8 36. Ra7 Rxg2# *

[Event "Tournoi Skype 029B"]
[Site "Skype"]
[Date "????.??.??"]
[Round "8.45"]
[White "Ibanez, Bittor"]
[Black "Talwalkar, Omkar Sameer"]
[Result "0-1"]
[WhiteElo "1330"]
[BlackElo "1000"]
[PlyCount "78"]

1. e4 e5 2. Nf3 Nc6 3. Bc4 Bc5 4. O-O Nf6 5. d4 exd4 6. e5 Ng4 7. Bxf7+ Kxf7 8.
Ng5+ Kf8 9. Qxg4 d6 10. e6 Ne5 11. Qf5+ Qf6 12. Qxf6+ gxf6 13. Ne4 Ke7 14. Nxc5
dxc5 15. f4 Ng4 16. f5 b6 17. h3 Ne3 18. Bxe3 dxe3 19. Nc3 Bb7 20. g4 h5 21.
Rfe1 Rad8 22. Rxe3 hxg4 23. Rd1 Rxd1+ 24. Nxd1 gxh3 25. Kh2 Bg2 26. Rd3 Rd8 27.
Nf2 Rxd3 28. Nxd3 Be4 29. Kxh3 Bxf5+ 30. Kg3 Bxd3 31. cxd3 Kxe6 32. Kf4 b5 33.
b3 c6 34. Ke4 a6 35. d4 c4 36. b4 c3 37. Kd3 Kf5 38. Kxc3 Ke4 39. a3 f5 0-1

[Event "Tournoi Skype 029B"]
[Site "Skype"]
[Date "????.??.??"]
[Round "8.46"]
[White "Ladeia Pereira, Geraldo"]
[Black "Codina, Teresa"]
[Result "0-1"]
[WhiteElo "1000"]
[BlackElo "1310"]
[PlyCount "111"]

1. d4 d5 2. e3 Nf6 3. c3 Bd7 4. Nd2 e6 5. Ngf3 Be7 6. Ne5 O-O 7. Bd3 Be8 8. O-O
c5 9. Ndf3 Nc6 10. Qc2 Rc8 11. Re1 Bd6 12. h3 Qc7 13. Bd2 c4 14. Bf1 Nxe5 15.
dxe5 Bxe5 16. Nxe5 Qxe5 17. a4 b5 18. axb5 Bxb5 19. Rxa7 Qb8 20. Ra3 e5 21. b3
Rfd8 22. Rea1 h6 23. f3 Qd6 24. Be1 cxb3 25. Qxb3 Bxf1 26. Kxf1 Re8 27. Bf2 e4
28. f4 Nd7 29. Qd1 Qc6 30. Ra5 Nf6 31. Be1 Rc7 32. R1a3 Qc4+ 33. Kg1 Qd3 34.
Qc1 Rd7 35. R5a4 Qe2 36. Rb4 Rd6 37. Rb2 Qh5 38. Kh2 Ng4+ 39. Kg1 Nf6 40. Rc2
Nd7 41. Kh2 Nc5 42. g4 Qg6 43. f5 Qg5 44. Bg3 h5 45. Bxd6 Nd3 46. Qg1 hxg4 47.
hxg4 Qh4+ 48. Kg2 Qxg4+ 49. Kh1 Qxf5 50. Rg2 Qh5+ 51. Bh2 Qf3 52. Ra1 g6 53.
Rf1 Qh5 54. Rg5 Qh4 55. Rxd5 Ra8 56. Qg3 0-1

[Event "Tournoi Skype 029B"]
[Site "Skype"]
[Date "????.??.??"]
[Round "8.48"]
[White "Milanese, Serge"]
[Black "Huerta Lopez, Cesar Rogelio"]
[Result "1/2-1/2"]
[WhiteElo "1202"]
[BlackElo "1000"]
[PlyCount "51"]

1. d4 Nf6 2. Bf4 d5 3. e3 Bd7 4. a4 a6 5. Nf3 Nc6 6. Bd3 e6 7. c3 Be7 8. Nbd2
O-O 9. Ne5 Nxe5 10. dxe5 Ne8 11. h4 c5 12. b3 Rc8 13. c4 dxc4 14. Nxc4 Bc6 15.
Bxh7+ Kxh7 16. Qh5+ Kg8 17. Rd1 Qc7 18. Nd6 Qa5+ 19. Ke2 Bxd6 20. exd6 Nf6 21.
Qg5 Qd8 22. Qe5 Ng4 23. Qh5 Nf6 24. Qe5 Ng4 25. Qh5 Nf6 26. Qe5 1/2-1/2

[Event "Tournoi Skype 029B"]
[Site "Skype"]
[Date "????.??.??"]
[Round "8.49"]
[White "Lima Santana, Claudia"]
[Black "Ruiz Aguilera, Juan Jesus"]
[Result "1-0"]
[WhiteElo "1000"]
[BlackElo "1083"]
[PlyCount "87"]

1. e4 e5 2. Nf3 Nc6 3. Bc4 Nd4 4. Nxd4 exd4 5. d3 d6 6. O-O Nf6 7. Nd2 Be7 8.
Nf3 Bg4 9. h3 Bxf3 10. Qxf3 c6 11. Qg3 Nh5 12. Qf3 Nf6 13. Re1 O-O 14. Bf4 h6
15. e5 dxe5 16. Bxe5 Re8 17. Re2 Qd7 18. Rae1 Rac8 19. Bxd4 Qxd4 20. Rxe7 Rxe7
21. Rxe7 Qxb2 22. Rxf7 Qa1+ 23. Kh2 Qe5+ 24. g3 Nd5 25. Rxb7 Rf8 26. Qg2 Qe2
27. f4 Qxg2+ 28. Kxg2 Kh8 29. Bxd5 cxd5 30. Rxa7 Rc8 31. Ra5 Rxc2+ 32. Kf3 Kg8
33. Rxd5 Rxa2 34. Re5 Kf7 35. d4 Kf6 36. Kg4 Ra6 37. d5 Rd6 38. Kh5 Rd7 39. g4
Rd6 40. Re6+ Rxe6 41. dxe6 Kxe6 42. Kg6 Kd5 43. Kxg7 Ke4 44. f5 1-0

[Event "Tournoi Skype 029B"]
[Site "Skype"]
[Date "????.??.??"]
[Round "8.50"]
[White "Dib, Catherine"]
[Black "Parravano, Luca"]
[Result "1/2-1/2"]
[WhiteElo "1052"]
[BlackElo "1000"]
[PlyCount "61"]

1. Nf3 Nf6 2. c4 c5 3. g3 d6 4. Bg2 e5 5. d3 Nc6 6. Nbd2 Be7 7. O-O O-O 8. b3
a5 9. Bb2 Bd7 10. Rc1 a4 11. bxa4 Nd4 12. Nxd4 exd4 13. Qb3 Ra7 14. e3 dxe3 15.
fxe3 Bxa4 16. Qc3 Bc6 17. Nf3 Rxa2 18. Qb3 Ra7 19. d4 Ba4 20. Qc3 b6 21. Ba3
Bd7 22. Rb1 Ra6 23. Nd2 Qc7 24. Nb3 Rxa3 25. Rfe1 Bc6 26. Qb2 Rfa8 27. d5 Bd7
28. e4 Ng4 29. h3 Ne5 30. Qc3 Ra2 31. Rb2 1/2-1/2

[Event "Tournoi Skype 029B"]
[Site "Skype"]
[Date "????.??.??"]
[Round "8.51"]
[White "Hernandez Lopez, Joaquin"]
[Black "Vasquez Donaire, Ivis Godofredo"]
[Result "1-0"]
[WhiteElo "1046"]
[BlackElo "1000"]
[PlyCount "59"]

1. e4 e5 2. Nf3 Nc6 3. Bc4 Bc5 4. c3 Bb6 5. d3 Nf6 6. O-O O-O 7. Re1 d6 8. h3
Na5 9. Bb5 c6 10. Ba4 Be6 11. Bc2 h6 12. Be3 c5 13. d4 Qc8 14. Nbd2 Bxh3 15.
Nh4 Bxg2 16. Kxg2 Bd8 17. Nf5 Nc6 18. Rh1 d5 19. Nxh6+ gxh6 20. Bxh6 dxe4 21.
Bxf8 Kxf8 22. Bxe4 Nxe4 23. Nxe4 Qf5 24. Qf3 Qg6+ 25. Kf1 Qe6 26. Nxc5 Qc4+ 27.
Ke1 Ke7 28. Ne4 exd4 29. Qf6+ Kf8 30. Rh8# 1-0

[Event "Tournoi Skype 029B"]
[Site "Skype"]
[Date "????.??.??"]
[Round "8.52"]
[White "Souza, Jeferson De Oliveira"]
[Black "Gomez Zuluaga, Jorge Adiel"]
[Result "0-1"]
[WhiteElo "1000"]
[BlackElo "1036"]
[PlyCount "90"]

1. e4 c5 2. Bc4 Nc6 3. c3 e6 4. Nf3 g6 5. d3 Bg7 6. Bg5 Nge7 7. Nbd2 O-O 8. Qc2
a6 9. a4 b6 10. O-O Bb7 11. Nh4 Ne5 12. Ba2 Re8 13. d4 N5c6 14. d5 Na5 15. dxe6
dxe6 16. Ndf3 Nac6 17. Bxe7 Rxe7 18. Rad1 Qc7 19. e5 Nxe5 20. Nxe5 Bxe5 21. f4
Bg7 22. Rd3 Be4 23. Bb1 Bxd3 24. Qxd3 Rd8 25. Qc2 Red7 26. f5 Rd2 27. Qe4 exf5
28. Nxf5 Rd1 29. Rxd1 Rxd1+ 30. Kf2 Qxh2 31. Qe8+ Bf8 32. Ne7+ Kg7 33. Bxg6
hxg6 34. Nc6 Qg1+ 35. Kg3 Rd3+ 36. Kf4 Qxg2 37. Qe5+ Kg8 38. Ne7+ Kh7 39. Nf5
Qf3+ 40. Kg5 Qxf5+ 41. Qxf5 gxf5 42. Kxf5 Kg7 43. Ke4 Rd1 44. b4 cxb4 45. cxb4
Bxb4 0-1

[Event "Tournoi Skype 029B"]
[Site "Skype"]
[Date "????.??.??"]
[Round "8.53"]
[White "Teixeira De Queiroz, Glaucia"]
[Black "Mira Poveda, Jose Antonio"]
[Result "0-1"]
[WhiteElo "1000"]
[BlackElo "1021"]
[PlyCount "36"]

1. e4 e5 2. Nf3 Nc6 3. c3 Nf6 4. d3 Bc5 5. Bg5 O-O 6. Be2 d6 7. O-O h6 8. Bxf6
Qxf6 9. d4 exd4 10. cxd4 Nxd4 11. e5 Nxf3+ 12. Bxf3 Qxe5 13. Re1 Qxb2 14. Nd2
Bf5 15. Ne4 Bxe4 16. Bxe4 Bxf2+ 17. Kh1 Bxe1 18. Qxe1 Rae8 0-1

[Event "Tournoi Skype 029B"]
[Site "Skype"]
[Date "????.??.??"]
[Round "8.54"]
[White "Trapletti, Cosetta"]
[Black "Colangelo, Michele"]
[Result "0-1"]
[WhiteElo "1000"]
[BlackElo "1000"]
[PlyCount "80"]

1. c4 e5 2. e4 Nf6 3. d3 Nc6 4. Be3 Bb4+ 5. Nc3 d6 6. Nf3 Bg4 7. Be2 O-O 8. O-O
h6 9. a3 Bxc3 10. bxc3 Re8 11. Rb1 Bc8 12. d4 exd4 13. cxd4 Rxe4 14. d5 Ne7 15.
Nd4 a6 16. f3 Rxe3 17. a4 c6 18. Qd2 Re5 19. f4 Rxe2 20. Nxe2 Ne4 21. Qd3 Nc5
22. Qc2 Bf5 23. Qd1 Bxb1 24. Qxb1 cxd5 25. Qa2 Ne4 26. cxd5 Qb6+ 27. Kh1 Nf2+
28. Kg1 Ng4+ 29. Kh1 Ne3 30. Rf3 Ng4 31. h3 Qb4 32. Qa1 Ne5 33. fxe5 Nxd5 34.
exd6 Rd8 35. Rg3 Nf6 36. Qe1 Qxe1+ 37. Kh2 Qxe2 38. Rf3 Rxd6 39. Rb3 Qe5+ 40.
g3 Rd2+ 0-1

[Event "Tournoi Skype 029B"]
[Site "Skype"]
[Date "????.??.??"]
[Round "8.55"]
[White "Rosenkoetter, David"]
[Black "Fuentes, Francisco"]
[Result "1-0"]
[WhiteElo "1165"]
[BlackElo "1000"]
[PlyCount "37"]

1. e4 e5 2. Nf3 Nc6 3. Bc4 Bc5 4. c3 d6 5. h3 a6 6. a4 Bb6 7. b4 a5 8. b5 Nf6
9. d3 Ne7 10. Ng5 Qd7 11. Qg4 d5 12. Qxd7+ Bxd7 13. Bxd5 c6 14. bxc6 bxc6 15.
Bb3 Nf5 16. Nxf7 Kf8 17. Be3 Bc7 18. Bc4 Rb8 19. Bc5+ 1-0

[Event "Tournoi Skype 029B"]
[Site "Skype"]
[Date "????.??.??"]
[Round "8.56"]
[White "Swanepoel, Karel"]
[Black "Grib, Jessica"]
[Result "1-0"]
[WhiteElo "1088"]
[BlackElo "1000"]
[PlyCount "41"]

1. e4 e5 2. Nf3 Nc6 3. Bb5 Nge7 4. O-O g6 5. c3 Bg7 6. d4 d5 7. dxe5 Bd7 8.
exd5 Nxe5 9. c4 c6 10. dxc6 bxc6 11. Nxe5 Bxe5 12. Ba4 Qc7 13. Kh1 h5 14. Re1
Bg4 15. f3 Bf5 16. Bg5 Bxh2 17. Rxe7+ Qxe7 18. Bxe7 Be5 19. Ba3 h4 20. Bxc6+
Bd7 21. Qxd7# 1-0

[Event "Tournoi Skype 029B"]
[Site "Skype"]
[Date "????.??.??"]
[Round "8.57"]
[White "Santamaria Garcia, Jesus"]
[Black "Solis, Denis"]
[Result "1/2-1/2"]
[WhiteElo "1041"]
[BlackElo "1000"]
[PlyCount "23"]

1. d4 d5 2. c4 dxc4 3. e4 Nc6 4. Nf3 Nf6 5. Nc3 e6 6. e5 Ng4 7. h3 Nh6 8. Bxh6
gxh6 9. Bxc4 Na5 10. Be2 Bd7 11. Bb5 c6 12. Ba4 1/2-1/2